00462nam a2200109Ia 4500008004100000050002400041100002400065245013000089260008600219300003300305521001400338140724s9999 xx 000 0 und d aHG 1601b.B553 2013 aBerza, Kayra Marie. aFranchise or Company - owned :bwhich type of store has greater impact on Master Sioma's profitability? /cKayra Marie Berza. aLas Piñas, Philippines :bSouthville International School and Colleges,cc2013. a88 p. :bcol. ill. ;c28 cm. aMarketing